MDQL
is popping MORE tags! Check the
thread
!
Quizzes
Events
Quiz Creation
Community
Videos
Private Events
Remove Ads
Sign In
Join for FREE
Feedback
Dark Mode
Quiz Categories
Sports
Geography
Music
Movies
Television
Just For Fun
Miscellaneous
History
Literature
Language
Science
Gaming
Entertainment
Religion
Holiday
For Kids
Quiz Lab
Recent
Popular Today
Quiz Kudos Today
Editor Picks
Curator Picks
Quizzes by...
Day
Popularity
Type
Ratings
Length
Year
Community
Subscriptions
Recent Discussions
Orange Saloon
Badges
Playlists
Quests
Create
Leaderboards
Showdown
Live 5
Trivia Bingo
Activity
Puzzle Library
Sporcle Events
Private Events
Virtual Trivia
Globe League
Become a Host
Pub Owners
SporcleCon
Opinionation
Our Games
Videos
Blog
Mobile Apps
Partnerships
Remove Ads and Go Orange
Feedback
Sports
Athletes
MLB
NBA
NHL
NFL
Soccer
Sports Teams
WWE
NCAA
Football
Premier League
Basketball
Baseball
Hockey
Golf
Tennis
Cricket
Rugby
Auto Racing
Olympics
World Cup
Sports
Athletes
MLB
NBA
NHL
NFL
Soccer
Sports Teams
WWE
NCAA
Football
Premier League
Basketball
Baseball
Hockey
Golf
Tennis
Cricket
Rugby
Auto Racing
Olympics
World Cup
Random Quiz
Search Sporcle
×
Quiz Lab
Quiz Lab
Sports
Premier League
Type in answers that appear in a list
Type in answers that appear in a list
Classic
Best Score? Go Orange.
Nomeie brasileiros que jogaram a Premier League Stats
Nomeie brasileiros que jogaram a Premier League
By
plbr
7m
20 Questions
4,432 Plays
4,432 Plays
4,432 Plays
Comments
Comments
Give Quiz Kudos
Give Quiz Kudos
-
- Ratings
hide this ad
Replay
Link that replays current quiz
Next Quiz
Link to next quiz in quiz playlist
You Got
0%
They Got
Avg Score
30%
Avg Friend Score
Upgrade to see
Score Distribution
Jump to the score distribution portion of the page
Score
0/20
Timer
07:00
0
Plays Today
Dica
Resposta
% Correct
Manchester City (2008 a 2010)
Robinho
81.1%
Tottenham (2013 a 2015)
Paulinho
80.3%
Manchester City (2007 a 2009)
Elano
62.5%
Arsenal (2002 a 2009)
Gilberto Silva
58.9%
Manchester City (2008 a 2010), Everton (2009 a 2010)
Jô
50.2%
Manchester United (2008/
2014), QPR (2012/
2013), Cardiff City (2014), Middlesbrough (2016)
Fabio
47.8%
Arsenal (2001 a 2005)
Edu
39.9%
Queens Park Rangers (2012 a 2014)
Julio Cesar
39.7%
Chelsea (2016)
Alexandre Pato
24.2%
Arsenal (2011 a 2013)
André Santos
21.3%
Dica
Resposta
% Correct
Middlesbrough (2008 a 2009)
Afonso Alves
19.1%
Arsenal (2015 a 2017)
Gabriel Paulista
18.1%
Liverpool (2008 a 2010), Crystal Palace (2018)
Diego Cavalieri
16.9%
Arsenal (1999 a 2001), Manchester City (2009 a 2010)
Sylvinho
13.3%
Chelsea (2014 a 2015)
Filipe Luís
12.2%
West Ham (2015)
Nenê
7%
Middlesbrough (2005 a 2008)
Fabio Rochemback
6.3%
Middlesbrough (2003 a 2006)
Doriva
5.9%
Bolton (2003 a 2004)
Jardel
4%
West Ham (2010)
Ilan
2.7%
Quiz Playlist
Details
Report
Send in Message
Add To Playlist
Classic:
Type in answers that appear in a list
Last Updated: Dec 24, 2020
Quiz Scoreboard
CHALLENGE
Sign Up to Join the Scoreboard
Show All
Scores
Hide
Comments
May contain spoilers
Recently Published
Colored Red Africa Blitz
by spor1
Geography
30s
Find the 'City' Movie
by crazypaving
Movies
60s
5x2 Blitz: Bands
by SL_Kpop136
Music
30s
More to Explore
Quiz From the Vault
Featured Blog Post
14 Easter Pick-up Lines to Find Eggs With
hide this ad
You Might Also Like...
Tags
Premier League Quiz
League
Premier
Que
Today's Top Quizzes in Sports
Browse Sports
hide this ad
Today's Top Quizzes in Premier League
Browse Premier League
Top Contributed Quizzes in Sports
1
Players with Multiple 50 Home Run Seasons
2
Who Needs Fielders?
3
Criteria MLB: Left Handed Sluggers
4
MLB Players with Two .350 Batting Average Seasons
5
Who Hit More Homers?
6
2020 F1 Drivers Logic Puzzle
7
NBA Teammate Connections
8
Premier League Clubs since 2000 (minefield)
9
MLB Teams by First Game
10
Top 10 NHL Goal Scorers of All Time
Explore More
Trending Topics
NBA
Crossword
Kpop
Harry Potter
Marvel
Disney
Anime
NFL
WWE
Puzzle
The Office
Country
Song
Pokémon
Soccer
hide this ad
More By:
plbr
Quiz
Plays
Rating
Category
Featured
Created
Brasileiros que assinaram pelo Liverpool
4,553
Sports
Jun 1, 2020
Brasileiros que assinaram pelo Manchester City
4,533
5.00
Sports
Jun 1, 2020
Brasileiros que assinaram pelo Chelsea
4,496
5.00
Sports
May 28, 2020
Nomeie brasileiros que jogaram a Premier League
4,432
5.00
Sports
May 7, 2020
Brasileiros que assinaram pelo Manchester United
3,860
5.00
Sports
Jun 1, 2020
Go to Creator's Profile
Score Distribution
Quiz Creator Spotlight
plbr
Follow
Send a Message
Quizzes Created
-
Created Quiz Play Count
-
More By This Creator
Popular Quizzes Today
1
5x2 Blitz: Bands
2
Find the 'City' Movie
3
Find the US States - No Outlines Minefield
4
Colored Red Africa Blitz
5
The Countries of the World
6
Find the US States
7
9x9 Crossword: Cartoon Network
8
Risky Map Clicking: Biggest States A-Z
More Sports Quizzes
Last Ten: Liverpool Managers in Order
Quiz Lab
Trending Quizzes
Colored Red Africa Blitz II
Colored Red Europe Blitz I
Find the 'Dark' Movie
Find the 'Day' Movie
Find the 'Good' Movie
Recently Updated
Champions League XIs: Real Madrid
pecheneg
Largest US Cities 1790-2010
pecheneg
Rides in Walt Disney World
pecheneg
Most Oscar Losses (Acting)
pecheneg
Beyoncé Albums
pecheneg
Leaping Animals
pecheneg
Reality TV Shows (A-Z)
bhenderson79
Rickey Henderson's Hall of Fame Teammates
pecheneg
Champions League XIs: Arsenal
pecheneg
Quick Pick: Celebrities in WWE's Hall of Fame
aduchscher
Trending Topics
Anime
Kpop
Disney
Marvel
Harry Potter
Crossword
NBA
Puzzle
Country
NFL
The Office
WWE
Pokémon
Soccer
Song
Your Account Isn't Verified!
In order to create a playlist on Sporcle, you need to verify the email address you used during registration. Go to your
Sporcle Settings
to finish the process.
Report this User
Report this user for behavior that violates our
Community Guidelines
.
Details:
Send Report
Go to the Sporcle.com Mobile Site →
Comments